| 000 | 00463nam a2200181 a 4500 | ||
|---|---|---|---|
| 001 | 5683 | ||
| 003 | CO-ViMGA | ||
| 008 | 141112s2004 ck r 000 u spa d | ||
| 040 |
_aCO-ViMGA _bspa _cCO-ViMGA |
||
| 082 | 0 | 4 | _a658.8 E977e |
| 100 | 1 |
_aEyssautier de la Mora, Maurice _94116 |
|
| 245 | 1 | 0 | _aElementos básicos de mercadotecnica |
| 250 | _a2a | ||
| 260 |
_aMexico : _bTrillas, _c1995 |
||
| 300 | _a304 p : il | ||
| 650 | 1 | 4 | _aMERCADOTECNIA |
| 942 |
_2ddc _cBK |
||
| 999 |
_c17664 _d17664 |
||